000 00562nam a2200229Ia 4500
003 OSt
005 20250218091141.0
008 210210b1925 xxu||||| |||| 00| 0 eng d
040 _cAL
041 _aHindi
082 _a869/204
100 _aPREMCHAND
_9149888
_dप्रेमचंद
245 _aRang bhumi I
_bरंग भूमि : १
260 _a-
_b-
_c1925
440 _aI
_9149889
650 _aRang
_9149890
650 _aI
_9149891
650 _abhUmi
_9149892
690 _aHindi Fiction
_9149893
906 _a024002
942 _2ddc
_cBK
999 _c148967
_d148967